00345nam a2200109Ia 4500008004000000082001500040100002400055245006500079260004500144300001400189650003200203210210b1956 xxu||||| |||| 00| 0 eng d a142.7 SARB aSARTRE (Jean-Paul). aBeing and nothingness:an essay on phenomenological ontology. aNew York.bPhilosophical Library.,c1956 alxvii,636 aPhenomenology Meditation